00382nam a2200145Ia 450000500170000000800410001702000180005808200190007610000210009524500460011625000120016226000330017430000130020765000160022020250402113803.0231217s9999 xx 000 0 und d a9788131418215 a340 SUD;2 R1 aSudarshan, N ed. 0aConsent and law problems and perspectives a1st ed. c2008bICFAI PressaHyderabad avii, 242 aConsent,law